000 00735nam a2200241 i 4500
001 77107
003 ES-MaACL
005 20250823063043.0
007 t|
008 041006s1932 sp ||||1| spa d
080 _a821.134.2(72)-31"19"
080 _a972"1910/46"
100 1 _aGuzmán, Martín Luis,
_d1887-1976
_961297
245 1 3 _aEl águila y la serpiente /
_cMartín Luis Guzmán.
250 _a2ª ed.
260 _aMadrid :
_bEspasa-Calpe,
_c1932.
300 _a2 v. ;
_c20 cm.
505 8 _aContiene: Esperanzas revolucionarias ; En la hora del triunfo
600 1 4 _aVilla, Pancho.
_9114876
651 4 _aMéxico-
_xHistoria-
_z1910-1946.
_99066
852 4 _aES-MaACL
_jF-13967-68
999 _c77107
_d77107